Language Quiz

Random Language or Spanish Quiz

Spanish: Verbs Quiz Stats

 Plays Quiz Updated Mar 19, 2020

Support Sporcle.
Go Orange.
Score 0/32 Timer 08:00
11 Plays Today
Meaning Verb % Correct
to eatcomer
92.8%
to drinkbeber
91.2%
to dancebailar
89.7%
to goir
88.9%
to havetener
88.6%
to playjugar
87.6%
to studyestudiar
87.1%
to talkhablar
86.3%
to livevivir
86.2%
to see/watchver
85.1%
to readleer
84.8%
to writeescribir
84.6%
to make/dohacer
83.2%
to worktrabajar
83.2%
to listenescuchar
82.7%
to sleepdormir
82.2%
Meaning Verb % Correct
to buycomprar
81%
to knowconocer or saber
80.8%
to singcantar
80.5%
to ask a questionpreguntar
78.2%
to neednecesitar
77.9%
to swimnadar
76.9%
to runcorrer
76.4%
to putponer
74.9%
to organizeorganizar
67.5%
to learnaprender
64.7%
to leavesalir
64.7%
to taketomar
57.6%
to bringtraer
56.4%
to drawdibujar
55.1%
to teachenseñar
52.5%
to order/ask forpedir
47%

From the Vault

Continents of World Capitals

by jack1234567

If you want to visit these cities, you should probably know what continent they're on.
Remove Ads.
Support Sporcle.
Get the best of Sporcle when you Go Orange. This ad-free experience offers more features, more stats, and more fun while also helping to support Sporcle. Thank you for becoming a member.

Show Comments

Extras

Top Quizzes Today


Score Distribution

Your Account Isn't Verified!

In order to create a playlist on Sporcle, you need to verify the email address you used during registration. Go to your Sporcle Settings to finish the process.

Report this User

Report this user for behavior that violates our Community Guidelines.

Details: